Loading...
| Philosophy | 0 | 5 | 0 | 0 | 50 | 40 | 51.40 | 2 | 4 | 31.93 | 47.22 |
| Science - Other | 0 | 3 | 0 | 0 | 30 | 37 | 50.33 | 1 | 2 | 16.98 | 18.89 |
| History - European | 0 | 1 | 0 | 0 | 10 | 63 | 63.00 | 0 | 0 | 3.88 | 5.56 |
| History - Other | 0 | 1 | 0 | 0 | 10 | 41 | 41.00 | 1 | 1 | 6.17 | 10.00 |
| History - World | 0 | 1 | 0 | 1 | 10 | 102 | 102.00 | 0 | 0 | 0.00 | 1.11 |
| Literature - American | 0 | 1 | 0 | 1 | 10 | 106 | 106.00 | 0 | 0 | 0.45 | 2.22 |
| Current Events | 0 | 1 | 0 | 1 | 10 | 108 | 108.00 | 0 | 0 | 0.00 | 2.22 |
| History - American | 0 | 1 | 0 | 0 | 10 | 75 | 75.00 | 0 | 0 | 3.18 | 5.56 |
| Literature - World | 0 | 1 | 0 | 0 | 10 | 92 | 92.00 | 0 | 0 | 2.00 | 6.67 |
| Mythology | 0 | 1 | 0 | 0 | 10 | 58 | 58.00 | 0 | 0 | 4.73 | 4.44 |
| Science - Chemistry | 0 | 1 | 0 | 1 | 10 | 100 | 100.00 | 0 | 0 | 0.48 | 4.44 |
| Social Science | 0 | 1 | 0 | 0 | 10 | 52 | 52.00 | 1 | 1 | 7.88 | 14.29 |
| Popular Culture | 0 | 1 | 1 | 1 | 5 | 107 | 107.00 | 0 | 0 | 0.55 | 2.22 |
| Literature - British | 0 | 1 | 1 | 1 | 5 | 112 | 112.00 | 0 | 0 | 0.00 | 1.11 |
| Geography | 0 | 0 | 0 | 0 | 0 | 0.00 | 0 | 0 | 0.00 | 0.00 | |
| Literature - European | 0 | 0 | 1 | 0 | -5 | 0.00 | 0 | 0 | 0.00 | 0.00 | |
| Religion | 0 | 0 | 1 | 0 | -5 | 0.00 | 0 | 0 | 0.00 | 0.00 |